000 01030cam a2200289 a 4500
001 1123548
003 OSt
005 20160331185705.0
008 940315s1995 ilua b 001 0 eng
010 _a 94009055
020 _a0256141479 (acid-free recycled paper)
040 _aDLC
_cDLC
_dDLC
050 0 0 _aHD62.5
_b.H577 1995
082 0 0 _a658.4
_220
_bHIS 1995
100 1 _aHisrich, Robert D.
_97578
245 1 0 _aEntrepreneurship :
_bstarting, developing, and managing a new enterprise /
_cRobert D. Hisrich, Michael P. Peters.
250 _a3rd ed.
260 _aChicago :
_bIrwin,
_c1995.
300 _axx, 650 p. :
_bill. ;
_c25 cm.
504 _aIncludes bibliographical references and index.
650 0 _aNew business enterprises
_xManagement.
_97579
650 0 _aEntrepreneurship.
_96831
700 1 _aPeters, Michael P.
_97580
906 _a7
_bcbc
_corignew
_d1
_eocip
_f19
_gy-gencatlg
942 _2ddc
_cSLOAN
999 _c3397
_d3397